Kraje, do których nie mogą podróżować obywatele USA - Statystyki

Ogólne statystyki
  • Ten quiz został rozwiązany 22 razy
  • Średni wynik to 14 z 20
Statystyki odpowiedzi
Lata Kraje % Poprawnych
2018– Irak
100%
2018– Iran
100%
2022– Rosja
100%
2018– Afganistan
95%
2018– Syria
95%
2022– Białoruś
89%
2018– Jemen
89%
2018– Korea Północna
89%
2022– Sudan
84%
2018– Somalia
74%
2023– Liban
68%
2018– Libia
68%
2018– Sudan Południowy
68%
2018– Republika Środkowoafrykańska
58%
2019– Wenezuela
58%
2022– Ukraina
53%
2018– Mali
42%
2022– Haiti
37%
2022– Mjanma
37%
2020– Burkina Faso
16%
Nie znaleziono quizów pasujących do podanych kryteriów
Rozkład punktacji
Procent ludzi z każdym wynikiem
Percentyl według liczby udzielonych odpowiedzi
Twoja historia wyników
Nie rozwiązałeś tego quizu